| 000 | 00454nam a2200157Ia 4500 | ||
|---|---|---|---|
| 008 | 210716s1984 xx 000 0 und d | ||
| 020 | _a8120303970 | ||
| 041 | _aeng | ||
| 082 | _a658.4038 MURR | ||
| 100 | _aMurdick, Robert G;Ross, Joel E;Claggett, James R. | ||
| 245 | _aInformation systems for modern management. | ||
| 250 | _a3 | ||
| 260 |
_aNew Delhi _bPHI Learning Pvt Ltd _c1984 |
||
| 300 | _axi,466 | ||
| 650 | _aManagement Information Systems | ||
| 999 |
_c197638 _d197638 |
||